| 000 | 02491cam a22006014i 4500 | ||
|---|---|---|---|
| 003 | PE-LiUPU | ||
| 005 | 20250731170406.0 | ||
| 008 | 150617s r 000 0 d | ||
| 020 | _a8485285492 | ||
| 035 | _a(Sirsi) i9788485285495 | ||
| 040 |
_aPE-LiUPU _bspa _cPE-LiUPU _erda |
||
| 049 | _aPRUA | ||
| 082 | 0 | 4 |
_a174.2 _bS29 _221 |
| 100 | 1 |
_aGordon, Scorer, _eautor. |
|
| 245 | 1 | 0 |
_aProblemas éticos en medicina / _cGordon Scorer, Antony Wing ; revisión de la edición española Dr. J.M. Tubau. |
| 264 | 1 |
_aBarcelona : _bEdiciones Doyma, _c1983. |
|
| 300 |
_a267 páginas ; _c22 centímetros |
||
| 336 |
_atext _2rdacontent |
||
| 337 |
_aunmediated _2rdamedia |
||
| 338 |
_avolume _2rdacarrier |
||
| 505 | 0 | _aValores morales, ley y religión -- La profesión médica -- Libertad del médico bajo la autoridad -- Problemas relacionados con los nuevos conocimientos genéticos -- Control del comienzo de la vida -- Anticoncepción y esterilización -- Interrupción del embarazo -- Dilemas en el cuidado de los lactantes y niños -- Decisiones acerca de los moribundos y la muerte -- Uso y abuso de los fármacos -- Problemas en psiquitría clínica -- Normas de protección en la investigación clínica -- Impacto de las limitaciones económicas -- Medicina preventiva e integración de los servicios sanitarios -- El médico -- La medicina como servicio -- Ciencia y compasión -- Respeto y veracidad (la fuente del respeto. Decir la verdad) -- Colegas -- Normas personales. | |
| 526 | _aSEG68 | ||
| 526 | _aSEG70 | ||
| 526 | _aSEG69 | ||
| 526 | _aSEG67 | ||
| 526 | _aSEG43 | ||
| 526 | _aP144 | ||
| 526 | _aP143 | ||
| 526 | _aP131 | ||
| 526 | _aP122 | ||
| 526 | _aP120 | ||
| 526 | _aP117 | ||
| 526 | _aP112 | ||
| 526 | _aP110 | ||
| 526 | _aP106 | ||
| 526 | _aP101 | ||
| 526 | _aP80 | ||
| 526 | _aP59 | ||
| 526 | _aP54 | ||
| 526 | _aP35 | ||
| 526 | _aP33 | ||
| 526 | _aP30 | ||
| 650 | 0 | 4 | _aÉtica médica. |
| 700 | 1 |
_aTubau, J. M., _erev. |
|
| 700 | 1 |
_aWing, Antony, _eautor. |
|
| 910 |
_ajck _bjvq _cjck _d20150616 |
||
| 942 |
_2ddc _cBOOK |
||
| 949 |
_a174.2 S29 _wDEWEY _c1 _i24411 _lCCODEBUL1 _mBUL _r0 _sY _tBOOK _u2015-4-22 _xSALUD _zUNKNOWN _0COMPRA _o.STAFF. Colección General |
||
| 994 |
_aC0 _bPEPRU |
||
| 596 | _a1 | ||
| 999 |
_a174.2 S29 _wDEWEY _c3640 _i24411 _f2021-11-4 _g5 _lCCODEBUL1 _mBUL _r0 _sY _tBOOK _u2015-4-22 _xBIBLIOTECA _zUNKNOWN _0COMPRA _o.STAFF. Colección General _d3640 |
||
| 980 |
_81 _gALBERTO SANCHEZ Responsable de Automatización |
||